Report of the IRRDB Biotechnology Workshop on hevea in vitro culture and micropropagation, 6-8 October 2014, Bogor, Indonesia (Record no. 44906)

MARC details
000 -LEADER
fixed length control field 00407nam a2200097Ia 4500
082 ## - DEWEY DECIMAL CLASSIFICATION NUMBER
Classification number NR:063IR2014
Item number IRR
245 #0 - TITLE STATEMENT
Title Report of the IRRDB Biotechnology Workshop on hevea in vitro culture and micropropagation, 6-8 October 2014, Bogor, Indonesia
260 ## - PUBLICATION, DISTRIBUTION, ETC. (IMPRINT)
Place of publication Indonesia;Malaysia
Name of publisher Indonesian Rubber Research Institute;2014;International Rubber Research and Development Board
Year of publication 2014
300 ## - PHYSICAL DESCRIPTION
Number of Pages 37p.
942 ## - ADDED ENTRY ELEMENTS (KOHA)
Koha item type Books
Holdings
Withdrawn status Lost status Damaged status Not for loan Home library Current library Date acquired Source of acquisition Full call number Accession Number Koha item type
        RRII Library RRII Library 16/12/2021 Gift NR:063IR2014 IRR G01649 Books